| 000 | 01832nam a2200277Ia 4500 | ||
|---|---|---|---|
| 999 |
_c40019 _d40019 |
||
| 001 | 6625 | ||
| 003 | GE_BSU | ||
| 005 | 20191209174651.0 | ||
| 008 | 181216s2013||||ge |||||||||||||| ||geo|| | ||
| 020 | _a9789941179341 | ||
| 040 | _cGE_BSU | ||
| 041 | _ageo | ||
| 080 | _a2(479.223) რ-39 | ||
| 245 |
_aრელიგიური თემები და ორგანიზაციები ბათუმში 1940-1950-იან წლებში : _b(დოკუმენტების კრებული) [კრ.] 2. / _cრუსულენ. დოკუმენტების თარგმნაზე მუშაობდნენ: თამაზ ფუტკარაძე [და სხვ.]შემდგ.-რედ. თამაზ ფუტკარაძე. |
||
| 264 |
_aთბილისი : _bუნივერსალი, _c2013. |
||
| 300 |
_a149 გვ.; _b20 სმ. |
||
| 653 | _aრელიგია | ||
| 653 | _aრელიგიური ორგანიზაციები საქართველოში | ||
| 700 |
_aფუტკარაძე, თამაზ _eშემდგ.-რედ.-მთარგმნ. _95746 |
||
| 700 |
_aქიქავა, ნატო _eმთარგმნელი _95747 |
||
| 700 |
_aიაკობიძე, ქეთევან _eმთარგმნელი _95748 |
||
| 700 |
_a ცინცაძე, ციცი _eმთარგმნელი _95749 |
||
| 700 |
_aსურმანიძე, მზია და სხვ. _eმთარგმნელი _95750 |
||
| 710 |
_a აჭარის ავტ. რესპ. მთავრობის საქვეუწყებო დაწესებულება-საარქივო სამმართველო _95751 |
||
| 942 |
_cBK _2udc |
||